00621nam a2200169Ia 4500008004100000020001800041082002000059100003300079245007700112250000700189260002400196300001000220500007600230650003100306952009700337999001700434120629s9999 xx 000 0 und d a970-07-4683-6 a345.20972 C696d aColín Sánchez, Guillermo aDerecho mexicano de procedimientos penales / Guillermo Colín Sánchez a19 aMéxico : Porrúa a886 p aBibliografía, hemerografía, índice analítico e índice general a1. DERECHO PENAL-MEXICOÌ 00104070a15b15d2006-06-29l0o345.20972 C696Dp15 000373r2017-12-07t1w2012-06-28yLB c74996d74996